[Event "San Francisco TNM Spring op"]
[Site "San Francisco"]
[Date "2017.04.11"]
[Round "5"]
[White "Bayaraa, Chinguun"]
[Black "Jensen, Christian Patrick"]
[Result "1-0"]
[WhiteElo "1988"]
[BlackElo "1853"]
[PlyCount "36"]
[EventDate "2017.03.14"]
[EventType "swiss"]
[EventRounds "8"]
[EventCountry "USA"]
[SourceTitle "EXT 2023"]
[Source "ChessBase"]
[SourceDate "2022.10.05"]
[SourceVersion "1"]
[SourceVersionDate "2022.10.05"]
[SourceQuality "1"]

1. d4 Nf6 2. c4 g6 3. Nc3 Bg7 4. e4 d6 5. f3 0-0 6. Be3 e5 7. d5 c6 8. Bd3 cxd5 9. cxd5 Nh5 10. Nge2 f5 11. 0-0 Na6 12. a3 Nc5 13. Bc2 a6 14. b4 Nd7 15. a4 b6 16. Bd3 Nf4 17. Qd2 Nxd3 18. Qxd3 Nf6 1-0